01093cam a2200181I 4500020001800000020001500018040000800033082002600041245003600067260007800103300003100181490003700212500007100249520047300320650001100793710004600804710006100850 a9789251079508 a9251079501 cDKU a363 FOO 2013 A012 Or.00aEnding hunger challenge badge / a[Rome] :bFood and Agriculture Organization of the United Nations,c2013. a119 p. :bcol. ill., maps.1 aYUNGA learning and action series aAt head of title: Youth and United Nations Global Alliance (YUNGA) aThe Ending Hunger Challenge Badge is designed to help educate children and young people about the effects of hunger in the world and how we can put an end to it. This material is appropriate for use in school classes, Guide or Scout groups or youth meetings generally. It includes a wide range of activities and ideas to stimulate learning about hunger and nutrition issues, while motivating children and young people to get involved in the fight against world hunger. 0aHunger2 aYouth and United Nations Global Alliance.2 aFood and Agriculture Organization of the United Nations.